Cesty k priemyselnej výrobe zeleniny

Bibliographic Details
Format: Article
Language:Slovak
Subjects:

MARC

LEADER 00000nab a2200000 a 4500
001 vtls008985669
003 SK-MaSNL
005 20260303065431.0
008 051017 1976 xo 000 0 slo
015 |a SNBRB1977 
040 |a SNKBUCL  |b slo  |c SNKBUCL  |e AACR2 
041 0 |a slo 
044 |a xo  |c SK 
080 |a 635.1/.8  |2 2001 
245 0 0 |a Cesty k priemyselnej výrobe zeleniny 
650 0 7 |a zeleninárstvo  |2 snkbucl  |9 18424 
650 0 7 |a priemyselná výroba  |2 snkbucl  |9 72943 
773 0 |t Záhradníctvo  |g Č. 12 (1976), s. 529-530 
999 |c 1751175  |d 1753105